| 000 | 00654nam a2200181Ia 4500 | ||
|---|---|---|---|
| 008 | 090123s9999 xx 000 0 und d | ||
| 082 | _b36801 | ||
| 100 | _aमराठे शाम | ||
| 245 | _aअभ्यासाची सोपी सोपी तंत्रे | ||
| 250 | _a0 | ||
| 260 |
_bइंद्रायणी साहित्य _c2004 |
||
| 300 | _a112 | ||
| 600 | _aमराठे शाम | ||
| 630 | _aअभ्यासाची सोपी सोपी तंत्रे | ||
| 700 | _aमराठे शाम | ||
| 730 | _aअभ्यासाची सोपी सोपी तंत्रे | ||
| 942 | _cBOOK | ||
| 999 |
_c74869 _d74869 |
||